MDQL
is popping MORE tags! Check the
thread
!
Quizzes
Events
Quiz Creation
Community
Videos
Private Events
Remove Ads
Sign In
Join for FREE
Feedback
Dark Mode
Quiz Categories
Sports
Geography
Music
Movies
Television
Just For Fun
Miscellaneous
History
Literature
Language
Science
Gaming
Entertainment
Religion
Holiday
For Kids
Quiz Lab
Recent
Popular Today
Quiz Kudos Today
Editor Picks
Curator Picks
Quizzes by...
Day
Popularity
Type
Ratings
Length
Year
Community
Subscriptions
Recent Discussions
Orange Saloon
Badges
Playlists
Quests
Create
Leaderboards
Showdown
Live 5
Trivia Bingo
Activity
Puzzle Library
Sporcle Events
Private Events
Virtual Trivia
Globe League
Become a Host
Pub Owners
SporcleCon
Opinionation
Our Games
Videos
Blog
Mobile Apps
Partnerships
Remove Ads and Go Orange
Feedback
Music
Pop Music
The Beatles
Song
Album
Lyrics
Bands
Singers
Artist
Clip
Rock
Rap
Classical
Billboard
Country Music
Kpop
Taylor Swift
Music
Pop Music
The Beatles
Song
Album
Lyrics
Bands
Singers
Artist
Clip
Rock
Rap
Classical
Billboard
Country Music
Kpop
Taylor Swift
Random Quiz
Search Sporcle
×
Quiz Lab
Quiz Lab
Music
Lyrics
Type in answers that appear in a list
Type in answers that appear in a list
Classic
Best Score? Go Orange.
Lyrics: Smile (Nat King Cole) Stats
Can you give the lyrics to Nat King Cole's 'Smile'?
By
jayellcs
6m
86 Questions
221 Plays
221 Plays
221 Plays
Comments
Comments
Give Quiz Kudos
Give Quiz Kudos
-
- Ratings
hide this ad
Replay
Link that replays current quiz
Next Quiz
Link to next quiz in quiz playlist
You Got
0%
They Got
Avg Score
84%
Avg Friend Score
Upgrade to see
Score Distribution
Jump to the score distribution portion of the page
Score
0/86
Timer
06:00
0
Plays Today
% Correct
Smile
99.1%
smile
99.1%
smile
99.1%
smile
99.1%
smile,
99.1%
smile.
99.1%
you
98.6%
you.
98.6%
a
98.6%
you
98.6%
you
98.6%
your
98.2%
your
98.2%
your
98.2%
is
97.7%
is
97.7%
though
95.5%
heart
95.5%
though
95.5%
breaking.
94.6%
the
94.6%
the
94.6%
the
94.6%
the
94.6%
If
94.1%
if
94.1%
even
93.2%
it's
93.2%
just
92.3%
% Correct
aching,
91.4%
you'll
91%
and
91%
and
91%
you'll
91%
be
91%
You'll
91%
When
89.6%
so
88.7%
in
88.2%
of
87.3%
of
87.3%
there
86%
see
85.5%
that
85.5%
are
84.2%
get
84.2%
for
83.7%
by.
82.4%
through
82.4%
through,
82.4%
tomorrow,
81.9%
on
81%
sorrow,
80.5%
may
80.1%
ever
79.6%
clouds
78.3%
sky,
78.3%
sun
77.8%
% Correct
tear
77.8%
come
76.5%
life
76.5%
time
76%
shining
75.1%
near--
75.1%
sadness.
74.7%
what's
74.2%
up
73.8%
with
73.8%
worthwhile
73.8%
maybe
73.3%
find
73.3%
still
72.4%
keep
71.9%
use
71.9%
gladness;
71.5%
crying?
71%
that's
70.6%
face
69.7%
must
69.2%
every
68.3%
fear
67.4%
Light
67%
trying;
66.5%
Although
64.3%
hide
63.8%
trace
63.8%
Quiz Playlist
Details
Report
Send in Message
Add To Playlist
Classic:
Type in answers that appear in a list
Last Updated: Feb 16, 2017
Quiz Scoreboard
CHALLENGE
Sign Up to Join the Scoreboard
Show All
Scores
Hide
Comments
May contain spoilers
Recently Published
Street Fighter Characters
by Artimus82
Gaming
60s
9x9 Crossword: Cartoon Network
by jackfrog10
Miscellaneous
3m
College Basketball Coaching Resumes
by pancakes188
Sports
9m
More to Explore
Quiz From the Vault
Featured Blog Post
Where Did the Easter Bunny Come From?
hide this ad
You Might Also Like...
Tags
Lyrics Quiz
Nat King Cole
Rat Pack
smile
Today's Top Quizzes in Music
Browse Music
hide this ad
Today's Top Quizzes in Lyrics
Browse Lyrics
Top Contributed Quizzes in Music
1
Taylor Swift All Songs (2024)
2
Taylor Swift Logic Puzzle
3
Guess the Artist- 70s Songs
4
7-to-1: Billboard Hot 100 #1 Hits of 2010s
5
Sorting Albums and Songs
6
KPOP LOGIC QUIZ
7
Guess the Taylor Swift song (Mystery Song)
8
Guess The Taylor Swift Lyrics Song #1
9
Billboard Blitz: ABBA
10
Billboard Blitz: The Beatles
Explore More
Trending Topics
Marvel
Disney
Harry Potter
Anime
Kpop
NBA
Crossword
Puzzle
The Office
Soccer
Pokémon
WWE
NFL
Country
Song
hide this ad
More By:
jayellcs
Quiz
Plays
Rating
Category
Featured
Created
Christmas Songs: Light, Bright or Night?
30,247
4.41
Holiday
Nov 24, 2015
Follow that Line: Parks and Recreation (series 3)
13,212
4.83
Television
Jul 16, 2013
Parks and Rec: Who am I? II
10,781
4.50
Television
Mar 5, 2014
Mele Kalikimaka Lyrics
9,489
4.76
Holiday
Nov 27, 2014
Follow that Line: Parks and Recreation (series 1 & 2)
7,339
4.83
Television
Jul 15, 2013
Go to Creator's Profile
Score Distribution
Quiz Creator Spotlight
jayellcs
Follow
Send a Message
Quizzes Created
-
Created Quiz Play Count
-
More By This Creator
Popular Quizzes Today
1
Find the US States - No Outlines Minefield
2
Find the Countries of Europe - No Outlines Minefield
3
The Countries of the World
4
Find the US States
5
Risky Map Clicking: Biggest States A-Z
6
US States
7
Popular People in 1961
8
Movies - When Are They Set?
More Music Quizzes
Pumpkins / Spice
Editor's Pick
Trending Quizzes
Risky Map Clicking: Least Populous States A-Z
Countries of the World: 200 Million BC
1-10 Letter G Words
Risky Map Clicking: Next State Alphabetically
Adjectives in 80s TV Shows
Recently Updated
Leaping Animals
pecheneg
Reality TV Shows (A-Z)
bhenderson79
Rickey Henderson's Hall of Fame Teammates
pecheneg
Champions League XIs: Arsenal
pecheneg
Quick Pick: Celebrities in WWE's Hall of Fame
aduchscher
A-Z Keypad Blitz II
pecheneg
Multiple Oscar Actors
pecheneg
Mystery Phrase Blitz: Oscar 'Best Actors'
pecheneg
F. Scott Fitzgerald Novels
LTH
Pick 3 Villains
ddd62291
Trending Topics
Kpop
NBA
Marvel
Crossword
Disney
Anime
Harry Potter
The Office
Country
Song
Puzzle
Soccer
Pokémon
NFL
WWE
Your Account Isn't Verified!
In order to create a playlist on Sporcle, you need to verify the email address you used during registration. Go to your
Sporcle Settings
to finish the process.
Report this User
Report this user for behavior that violates our
Community Guidelines
.
Details:
Send Report
Go to the Sporcle.com Mobile Site →
Comments